000 00221 a2200097 4500
001 55956
100 _a
245 _aNeuro Fuzzy Control system
260 _aNew Delhi
_bNewerea pub
_c1997
090 _c34646
_d34646
942 _aNUST-CAE
_cMONOGRAPH
_c27387
999 _c291029
_d291029